<?xml version="1.0" encoding="UTF-8"?><?xml-stylesheet type="text/xsl" href="static/style.xsl"?><OAI-PMH xmlns="http://www.openarchives.org/OAI/2.0/" xmlns:xsi="http://www.w3.org/2001/XMLSchema-instance" xsi:schemaLocation="http://www.openarchives.org/OAI/2.0/ http://www.openarchives.org/OAI/2.0/OAI-PMH.xsd"><responseDate>2026-04-27T12:35:06Z</responseDate><request verb="GetRecord" identifier="oai:uvadoc.uva.es:10324/38428" metadataPrefix="marc">https://uvadoc.uva.es/oai/request</request><GetRecord><record><header><identifier>oai:uvadoc.uva.es:10324/38428</identifier><datestamp>2021-06-23T10:37:14Z</datestamp><setSpec>com_10324_1161</setSpec><setSpec>com_10324_931</setSpec><setSpec>com_10324_894</setSpec><setSpec>col_10324_1319</setSpec></header><metadata><record xmlns="http://www.loc.gov/MARC21/slim" xmlns:doc="http://www.lyncode.com/xoai" xmlns:xsi="http://www.w3.org/2001/XMLSchema-instance" xmlns:dcterms="http://purl.org/dc/terms/" xsi:schemaLocation="http://www.loc.gov/MARC21/slim http://www.loc.gov/standards/marcxml/schema/MARC21slim.xsd">
<leader>00925njm 22002777a 4500</leader>
<datafield tag="042" ind1=" " ind2=" ">
<subfield code="a">dc</subfield>
</datafield>
<datafield tag="720" ind1=" " ind2=" ">
<subfield code="a">Delgado Urrecho, José María</subfield>
<subfield code="e">author</subfield>
</datafield>
<datafield tag="260" ind1=" " ind2=" ">
<subfield code="c">2019</subfield>
</datafield>
<datafield tag="520" ind1=" " ind2=" ">
<subfield code="a">Análisis de la población de Castilla y León en el contexto español, con aportación de los datos más recientes en forma de tablas, gráficos y mapas</subfield>
</datafield>
<datafield tag="024" ind2=" " ind1="8">
<subfield code="a">VV.AA: Situación económica y social de Castilla y León en 2018. Valladolid, Consejo Económico y Social de Castilla y León, 2019, p.1-89</subfield>
</datafield>
<datafield tag="024" ind2=" " ind1="8">
<subfield code="a">http://uvadoc.uva.es/handle/10324/38428</subfield>
</datafield>
<datafield tag="024" ind2=" " ind1="8">
<subfield code="a">1</subfield>
</datafield>
<datafield tag="024" ind2=" " ind1="8">
<subfield code="a">89</subfield>
</datafield>
<datafield tag="024" ind2=" " ind1="8">
<subfield code="a">Situación económica y social de Castilla y León en 2018</subfield>
</datafield>
<datafield ind1=" " ind2=" " tag="653">
<subfield code="a">Población; Demografía</subfield>
</datafield>
<datafield tag="245" ind1="0" ind2="0">
<subfield code="a">Población, demografía e inmigración</subfield>
</datafield>
</record></metadata></record></GetRecord></OAI-PMH>